| 000 | 00438nam a22001697a 4500 | ||
|---|---|---|---|
| 999 |
_c6653 _d6653 |
||
| 003 | GBCCL | ||
| 005 | 20241126110608.0 | ||
| 008 | 180523b ||||| |||| 00| 0 eng d | ||
| 040 | _cgbc | ||
| 082 |
_a264.23 _bBAP |
||
| 245 |
_aBaptist hymnal / _cEdited by Walter Hines Sims |
||
| 250 | _a8th printing | ||
| 260 |
_bConvention Press, _aNashville: _c1956 |
||
| 300 |
_a566 p.; _c23 cm. |
||
| 650 |
_aHymns, Baptist _911897 |
||
| 942 |
_2ddc _cBK |
||